<?xml version="1.0" encoding="UTF-8"?><?xml-stylesheet type="text/xsl" href="static/style.xsl"?><OAI-PMH xmlns="http://www.openarchives.org/OAI/2.0/" xmlns:xsi="http://www.w3.org/2001/XMLSchema-instance" xsi:schemaLocation="http://www.openarchives.org/OAI/2.0/ http://www.openarchives.org/OAI/2.0/OAI-PMH.xsd"><responseDate>2026-04-17T07:32:03Z</responseDate><request verb="GetRecord" identifier="oai:riubu.ubu.es:10259/10999" metadataPrefix="marc">https://riubu.ubu.es/oai/request</request><GetRecord><record><header><identifier>oai:riubu.ubu.es:10259/10999</identifier><datestamp>2025-10-28T01:05:39Z</datestamp><setSpec>com_10259_4839</setSpec><setSpec>com_10259_5086</setSpec><setSpec>com_10259_2604</setSpec><setSpec>col_10259_4840</setSpec></header><metadata><record xmlns="http://www.loc.gov/MARC21/slim" xmlns:doc="http://www.lyncode.com/xoai" xmlns:xsi="http://www.w3.org/2001/XMLSchema-instance" xmlns:dcterms="http://purl.org/dc/terms/" xsi:schemaLocation="http://www.loc.gov/MARC21/slim http://www.loc.gov/standards/marcxml/schema/MARC21slim.xsd">
<leader>00925njm 22002777a 4500</leader>
<datafield tag="042" ind1=" " ind2=" ">
<subfield code="a">dc</subfield>
</datafield>
<datafield tag="720" ind1=" " ind2=" ">
<subfield code="a">Segura Zariquiegui, Ainhoa</subfield>
<subfield code="e">author</subfield>
</datafield>
<datafield tag="260" ind1=" " ind2=" ">
<subfield code="c">2021-01</subfield>
</datafield>
<datafield tag="520" ind1=" " ind2=" ">
<subfield code="a">Durante  el  modernismo  y  el postmodernismo    peruano    surgieron grandes  poetas  que  dibujaron  un  panorama  artístico  muy  significativo  en  este país.  Todos  ellos,  aunque  influenciados por  la  Europa  (sobre  todo  la  Francia) decadentista  de  fin  de  siglo  XIX,  supieron  imprimir  también  una  nota  muy personal  a  sus  creaciones  literarias.  Tal  fue  el  caso  de  Abraham  Valdelomar. Este  artículo  quiere  rendir  homenaje  a este  gran  escritor, articulista  y  poeta peruano. De ahí que se realice un recorrido de su vida, y de sus obras literarias y periodísticas más relevantes.</subfield>
</datafield>
<datafield tag="520" ind1=" " ind2=" ">
<subfield code="a">During  peruvian  modernism and     postmodernism     greatpoests emerged  who  Drew  a  very  significant artistic  scenery  in  this  country.  Al  lof them,  although  influenced  by  the  deca-dentist Europe (especially France) of the late  19th  century, also knew how to give a personal note to their poetic cre-ations. Such wasthe case with Abraham Valdelomar.  This  article  wants  to  pay tribute  to  this  great  Peruvian  writer, journalist  an  poet,  through  showing  his life and Works.</subfield>
</datafield>
<datafield tag="024" ind2=" " ind1="8">
<subfield code="a">1887-5238</subfield>
</datafield>
<datafield tag="024" ind2=" " ind1="8">
<subfield code="a">https://hdl.handle.net/10259/10999</subfield>
</datafield>
<datafield tag="024" ind2=" " ind1="8">
<subfield code="a">10.6018/cartaphilus.423371</subfield>
</datafield>
<datafield tag="024" ind2=" " ind1="8">
<subfield code="a">1887-5238</subfield>
</datafield>
<datafield ind1=" " ind2=" " tag="653">
<subfield code="a">Perú</subfield>
</datafield>
<datafield ind1=" " ind2=" " tag="653">
<subfield code="a">Modernismo</subfield>
</datafield>
<datafield ind1=" " ind2=" " tag="653">
<subfield code="a">Postmodernismo</subfield>
</datafield>
<datafield ind1=" " ind2=" " tag="653">
<subfield code="a">Valdelomar</subfield>
</datafield>
<datafield ind1=" " ind2=" " tag="653">
<subfield code="a">Modernism</subfield>
</datafield>
<datafield ind1=" " ind2=" " tag="653">
<subfield code="a">Post-modernism</subfield>
</datafield>
<datafield tag="245" ind1="0" ind2="0">
<subfield code="a">El postmodernismo peruano: vida y obra de Abraham Valdelomar</subfield>
</datafield>
</record></metadata></record></GetRecord></OAI-PMH>